Wilhem von Humboldt's gesammelte Werke. (Record no. 155776)

MARC details
000 -LEADER
campo de control de longitud fija 00665nam a22001815i 4500
001 - NÚMERO DE CONTROL
campo de control 155776
003 - IDENTIFICADOR DE NÚMERO DE CONTROL
campo de control ES-MaACL
005 - FECHA Y HORA DE LA ÚLTIMA TRANSACCIÓN
campo de control 20230906210208.0
008 - DATOS DE LONGITUD FIJA--INFORMACIÓN GENERAL
campo de control de longitud fija 040729m18411852gw |||| | ger d
040 ## - FUENTE DE CATALOGACIÓN
Centro catalogador/agencia de origen CAM
Lengua de catalogación spa
Centro/agencia transcriptor CAM
080 ## - NÚMERO DE LA CLASIFICACIÓN DECIMAL UNIVERSAL
Número de la Clasificación Decimal Universal 081 Humboldt, Wilhelm von
100 1# - ENTRADA PRINCIPAL--NOMBRE DE PERSONA
Nombre de persona Humboldt, Wilhelm von.
9 (RLIN) 64716
245 10 - MENCIÓN DEL TÍTULO
Título Wilhem von Humboldt's gesammelte Werke.
260 ## - PUBLICACIÓN, DISTRIBUCIÓN, ETC.
Lugar de publicación, distribución, etc. Berlin :
Nombre del editor, distribuidor, etc. G. Reimer,
Fecha de publicación, distribución, etc. 1841-1852.
300 ## - DESCRIPCIÓN FÍSICA
Extensión 7 v. (VIII, 408; IV, 396; VI, 425; X, 390 p., [1] h.pleg. de lám.; IV, 428; X, 630; VI, 488 p.) ;
Dimensiones 22 cm.
599 ## - NOTA A LAS ILUSTRACIONES
NOTA A LAS ILUSTRACIONES La h. de lám. grab. calc.: "E. Jattnig sc."
852 ## - LOCALIZACIÓN
Ubicación ES-MaACL
Número de control de estantería Z-221-27
Encuadernación Olim: G-2591-97
Nota libre -- Enc. hol.
Holdings
Estatus retirado Estado de pérdida Estado de daño No para préstamo Colección Biblioteca de origen Biblioteca actual Ubicación en estantería Fecha de adquisición Total de préstamos Signatura topográfica completa Código de barras Visto por última vez Precio de reemplazo Tipo de ítem Koha
        Libros del s. XIX Biblioteca del Ateneo de Madrid Biblioteca del Ateneo de Madrid Depósito Z 17/01/2008   Z-221-27 1162950 23/02/2023 23/02/2023 Libro impreso antiguo